000 00594nam a2200193Ia 4500
999 _c8908
_d8908
020 _a9781137488244
082 _a327.1 ZIM-T
100 _aZimmerman, Erin
245 0 _aThink tanks and non-traditional security: governance entrepreneurs in Asia
260 _aHoundmills
_bPalgrave Macmillan
_c2016
300 _axi, 214p
440 _aCritical studies of the Asia-Pacific
504 _aincludes Bibliography and index
650 _aInternational Relations
650 _aWorld politics
650 _aAssociation South East Asian Nations (ASEAN)
700 _aBeeson, Mark
942 _cBK